000 00551nam a2200193Ia 4500
005 20250923145601.0
008 008 250917s9999 xx 000 0 eng d
037 _aTextual
040 _aDSWL
_beng
_cDSWL
041 _aeng
_2eng
084 _aYX;5-H.1'Noo, N81
_qDSWL
245 0 _aGlobal strategy for health for all by the year 2000
_c by W.H.O.
260 _aNew Delhi
_bDelhi Abhinav
_c1974
300 _a90p.
365 _aINR
_b8
925 _g8
942 _cTEXL
_hYX;5-H.1'Noo, N81
999 _c1453136
_d1453136